Normal view
MARC view
- Garrido, Jos⥠M
Entry Personal Name
001 - CONTROL NUMBER
- control field: 94023
003 - CONTROL NUMBER IDENTIFIER
- control field: NUST
005 - DATE AND TIME OF LATEST TRANSACTION
- control field: 20220720113959.0
008 - FIXED-LENGTH DATA ELEMENTS
- fixed length control field: 220720|| aca||aabn | a|a d
040 ## - CATALOGING SOURCE
- Original cataloging agency: NUST
- Transcribing agency: NUST
100 ## - HEADING--PERSONAL NAME
- Personal name: Garrido, Jos⥠M
670 ## - SOURCE DATA FOUND
- Source citation: Work cat.: (NUST)174717: Garrido, Jos⥠M., Practical process simulation using object-oriented techniques and C++ / (Include Floppy Disk), c1999.
